Normal view MARC view

Entry Nombre personal

Number of records used in: 6

001 - NÚMERO DE CONTROL

  • campo de control: 127696

003 - IDENTIFICADOR DE NÚMERO DE CONTROL

  • campo de control: SpMaBN

005 - FECHA Y HORA DE LA ÚLTIMA TRANSACCIÓN

  • campo de control: 20250716044428.0

008 - ELEMENTOS DE DATO DE LONGITUD-FIJA

  • campo de control de longitud fija: 901120nn aijnnaabn a aaa

016 ## - NÚMERO DE CONTROL DE UNA AGENCIA BIBLIOGRÁFICA NACIONAL

  • Número de control del registro: BNE19900517519

024 7# - IDENTIFICADOR DE OTROS ESTÁNDARES

  • Número estándar o código: http://viaf.org/viaf/17355655/
  • Fuente: viaf

024 8# - IDENTIFICADOR DE OTROS ESTÁNDARES

  • Número estándar o código: https://data.cervantesvirtual.com/person/34430

024 7# - IDENTIFICADOR DE OTROS ESTÁNDARES

  • Número estándar o código: https://isni.org/isni/0000000108752395
  • Fuente: isni

024 7# - IDENTIFICADOR DE OTROS ESTÁNDARES

  • Número estándar o código: http://www.wikidata.org/entity/Q6292949
  • Fuente: wikidata

040 ## - FUENTE DE CATALOGACIÓN

  • Centro catalogador/agencia de origen: SpMaBN
  • Lengua de catalogación: spa
  • Centro/agencia transcriptor: SpMaBN
  • Normas de descripción: rdc
  • Convención/Normas de encabezamiento de materia/tesauro: embne

046 ## - FECHAS CON CODIFICACIÓN ESPECIAL

  • Fecha de nacimiento: 1771
  • Fecha de la muerte: 1837

100 1# - ENCABEZAMIENTO-NOMBRE DE PERSONA

  • Nombre de persona: Gómez Hermosilla, José,
  • Fechas asociadas al nombre: 1771-1837

370 ## - LUGAR ASOCIADO

  • Lugar de nacimiento: Madrid, España
  • Fuente de información: (Wikidata)
  • Número de control del registro de autoridad o número normalizado: XX450543

374 ## - OCUPACIÓN

  • Ocupación: Helenistas
  • Ocupación: Periodistas
  • Ocupación: Críticos literarios
  • Ocupación: Escritores
  • Fuente de información: Wikidata

375 ## - GÉNERO/SEXO

  • Género: Masculino

377 ## - IDIOMA ASOCIADO

  • Término de lengua/lenguaje: Español

400 1# - TRAZADO DE VÉASE--NOMBRE DE PERSONA

  • Nombre de persona: Gómez Hermosilla, José Mamerto,
  • Fechas asociadas al nombre: 1771-1837

400 1# - TRAZADO DE VÉASE--NOMBRE DE PERSONA

  • Nombre de persona: Gómez Hermosilla, Josef,
  • Fechas asociadas al nombre: 1771-1837

670 ## - FUENTE DE DATOS ENCONTRADOS

  • Cita de la fuente: Arte de hablar en prosa y verso, 1834

670 ## - FUENTE DE DATOS ENCONTRADOS

  • Cita de la fuente: Arte de hablar en prosa y verso, 1919

670 ## - FUENTE DE DATOS ENCONTRADOS

  • Cita de la fuente: Diccionario biográfico del Trienio Liberal, 1991
  • Información encontrada: (Gómez Hermosilla, José Mamerto; n. Madrid, 11-5-1771, m. 31-3-1837; profesor de griego y retórica, literato, crítico, helenista)